000 00780nas a2200265 4500
001 BR0300711
003 BR-BrBNA
005 20231205103554.0
007 ta
008 230509b bl.|||p| |||| 00| 00por d
040 _aBR-BrBNA
_bpor
_cBiblioteca Nacional de Agricultura
041 _a(Pt)
072 _aH20
100 1 _aCamili, E.C.
100 1 _aCarbonari, M.
100 1 _aSouza, N.L. de
245 1 _aCaracterização de Pestalotiopsis longisetula e sua patogenicidade em morango
650 _aMORANGO
650 _aFUNGO
650 _aPATOGENICIDADE
650 _aINOCULAÇÃO
773 0 _tSumma Phytopathologica (Brazil)
_xISSN 0100-5405
_g(Apr-Jun 2002), v. 28(2) p. 213-214
_wBR0300711
909 _a202311
_bLúcia
_c55
_dLúcia Elande
942 _2AGRIS
_n0
_cANA
999 _c173578
_d173578